Panje Mangesha Rayaru. (Record no. 106198)

MARC details
000 -LEADER
fixed length control field 00620nam a2200205Ia 4500
003 - CONTROL NUMBER IDENTIFIER
control field OSt
005 - DATE AND TIME OF LATEST TRANSACTION
control field 20250813115222.0
008 - FIXED-LENGTH DATA ELEMENTS--GENERAL INFORMATION
fixed length control field 210210b1999 xxu||||| |||| 00| 0 eng d
040 ## - CATALOGING SOURCE
Transcribing agency AL
041 ## - LANGUAGE CODE
Language code of text/sound track or separate title Kannada
082 ## - DEWEY DECIMAL CLASSIFICATION NUMBER
Classification number K894.9 RAMP
100 ## - MAIN ENTRY--PERSONAL NAME
Personal name RAMACHANDRA (M)
Dates associated with a name ರಾಮಚಂದ್ರ (ಎಂ)
9 (RLIN) 235321
245 ## - TITLE STATEMENT
Title Panje Mangesha Rayaru.
Remainder of title ಪಂಜೆ ಮಂಗೇಶರಾಯರು
260 ## - PUBLICATION, DISTRIBUTION, ETC.
Place of publication, distribution, etc. Mangalagangothri
Name of publisher, distributor, etc. Prasaranga
Date of publication, distribution, etc. 1999
300 ## - PHYSICAL DESCRIPTION
Extent 92
650 ## - SUBJECT ADDED ENTRY--TOPICAL TERM
Topical term or geographic name entry element Panje Mangesha RayaMangala pracharopanyasa malike 24
9 (RLIN) 235322
690 ## - LOCAL SUBJECT ADDED ENTRY--TOPICAL TERM (OCLC, RLIN)
Topical term or geographic name as entry element Kannada Criticism
9 (RLIN) 235323
906 ## - LOCAL DATA ELEMENT F, LDF (RLIN)
a 058769
942 ## - ADDED ENTRY ELEMENTS (KOHA)
Source of classification or shelving scheme Dewey Decimal Classification
Koha item type Book
Holdings
Withdrawn status Lost status Source of classification or shelving scheme Damaged status Not for loan Collection code Home library Current library Shelving location Date acquired Source of acquisition Cost, normal purchase price Total Checkouts Full call number Barcode Date last seen Price effective from Koha item type
    Dewey Decimal Classification     Kannada St Aloysius Library St Aloysius Library   02/17/2021 Prasaranga, Mangaluru Vishvavidyanilaya 15.00   K894.9 RAMP 058769 02/17/2021 02/17/2021 Book